Isus Christos - cesta, pravda, život učebnica náboženskej výchovy pre 8. ročník základnej školy

Bibliographic Details
Main Author: Šarová, Blažena (Author)
Format: Book
Language:Slovak
Published: Prešov NITECH 2012
Edition:1. vyd.
Subjects:

MARC

LEADER 00000cam a2200000 a 4500
001 vtls010497050
003 SK-MaSNL
005 20260302012744.0
008 240314s2012 xo a c 000 0 slo
015 |a SNBA2015/07 
020 |a 9788089196388  |q (brož.) 
035 |a 9BC815A3-292F-4879-B243-0908B7B03F27 
035 |a urn:nbn:sk:snk-amkq73 
035 |a urn:nbn:sk:snk-am005dz0 
040 |a SNK  |b slo  |c SNK  |e AACR2 
041 0 |a slo 
044 |a xo  |c SK 
072 7 |a 271/279  |x Kresťanské cirkvi, sekty, denominácie  |2 konspekt 
080 |a 2-47  |2 2001 
080 |a 271.2-1/-9  |2 2001 
080 |a (075.2)  |2 2001 
100 1 |a Šarová, Blažena  |4 aut  |9 484973 
245 1 0 |a Isus Christos - cesta, pravda, život  |b učebnica náboženskej výchovy pre 8. ročník základnej školy  |c Blažena Šarová 
250 |a 1. vyd. 
260 |a Prešov  |b NITECH  |c 2012 
300 |a 70 s.  |b ilustr.  |c 30 cm 
500 |a Nad názvom Pravoslávna cirkev na Slovensku 
650 0 7 |a náboženská výchova  |2 SNKPH  |9 67239 
650 0 7 |a učenie pravoslávnej cirkvi  |2 SNKPH  |9 83923 
650 0 7 |a Religious education  |2 SNKPHeng  |9 319854 
650 0 7 |a Orthodox doctrine  |2 SNKPHeng  |9 333003 
655 7 |a učebnice základných škôl  |2 SNKPH  |9 70187 
655 7 |a Textbooks (elementary)  |2 SNKPHeng  |9 276977 
919 |a 978-80-89196-38-8 
958 |a NT 
999 |c 1010607  |d 1012537 
952 |a SNK  |b SNK  |y PREZ  |7 0  |p 17A1160364  |o snkSB 88436  |i snk2015/18907  |8 0  |0 0  |1 0  |4 0  |d 2015-06-17  |f 1  |l 0  |r 2025-05-12 00:00:00  |w 2026-02-24 
952 |a SNK  |b SNK  |y VYP  |7 0  |p 17A1160365  |o snkSB 88436 D1  |i snk2015/18908  |8 0  |0 0  |1 0  |4 0  |d 2015-06-17  |l 0  |r 2026-02-24 12:50:48  |w 2026-02-24